Statistiques concernant Gares des Ardennes

Cliquez ici pour prendre le quiz!

Statistiques générales

  • Ce quiz a été pris 78 fois
  • Le résultat moyen est 13 sur 26

Statistiques - réponses

Nombre de voyageursGares% Correct
973 619Charleville Mézières
98%
79 315Givet
92%
265 254Sedan
90%
290 076Rethel
83%
12 387Mohon
73%
24Liart
65%
176 229Revin
65%
74 360Fumay
62%
48 163Amagne - Lucquy
54%
64 059Bogny sur Meuse
54%
79 069Poix Terron
52%
22 648Nouzonville
50%
22 467Donchery
46%
28 905Haybes
44%
104 713Monthermé
44%
20 816Carignan
40%
47 819Vireux Molhain
40%
45 054Nouvion sur Meuse
37%
17 542Lumes
35%
9 357Aubrives
33%
14 796Joigny sur Meuse
33%
6 979Anchamps
29%
20 934Deville
27%
4 150Fépin
27%
13 466Laifour
27%
4 818Vrigne Meuse
27%

Distribution des résultats

Percentile par nombre de réponses

% des personnes avec chaque résultat

Votre développement - résultats

Vous n’avez pas pris ce quiz